Memorias de un bilbaíno (Record no. 116126)
[ view plain ]
| 000 -LEADER | |
|---|---|
| campo de control de longitud fija | 00742nam a2200217 4500 |
| 001 - NÚMERO DE CONTROL | |
| campo de control | 116126 |
| 003 - IDENTIFICADOR DE NÚMERO DE CONTROL | |
| campo de control | ES-MaACL |
| 005 - FECHA Y HORA DE LA ÚLTIMA TRANSACCIÓN | |
| campo de control | 20260113165953.0 |
| 007 - CAMPO FIJO DE DESCRIPCIÓN FÍSICA--INFORMACIÓN GENERAL | |
| campo de control de longitud fija | t| |
| 008 - DATOS DE LONGITUD FIJA--INFORMACIÓN GENERAL | |
| campo de control de longitud fija | 061121s1952 sp r ||||1| spa d |
| 100 1# - ENTRADA PRINCIPAL--NOMBRE DE PERSONA | |
| Nombre de persona | Orueta, José de. |
| 9 (RLIN) | 87693 |
| 245 10 - MENCIÓN DEL TÍTULO | |
| Título | Memorias de un bilbaíno |
| Resto del título | : 1870 a 1900 / |
| Mención de responsabilidad, etc. | José de Orueta ; prólogo de José María de Areilza. |
| 250 ## - MENCION DE EDICION | |
| Mención de edición | 2ª. ed. corr. y aum. |
| 260 ## - PUBLICACIÓN, DISTRIBUCIÓN, ETC. | |
| Lugar de publicación, distribución, etc. | San Sebastián : |
| Nombre del editor, distribuidor, etc. | [s.n.], |
| Fecha de publicación, distribución, etc. | 1952 ( |
| Fabricante | Tall. Edit. Icharopena) |
| 300 ## - DESCRIPCIÓN FÍSICA | |
| Extensión | 325 p. : |
| Otras características físicas | il. ; |
| Dimensiones | 23 cm. |
| 490 1# - MENCIÓN DE SERIE | |
| Mención de serie | Biblioteca vascongada de los amigos del país |
| 700 1# - ENTRADA AGREGADA--NOMBRE PERSONAL | |
| Nombre de persona | Areilza, José María de, |
| Fechas asociadas al nombre | 1909-1998 |
| 9 (RLIN) | 22575 |
| 830 0# - PUNTO DE ACCESO ADICIONAL DE SERIE-TÍTULO UNIFORME | |
| Título uniforme | |
| 9 (RLIN) | 242584 |
| 852 ## - LOCALIZACIÓN | |
| Ubicación | ES-MaACL |
| Número de control de estantería | D-8469 |
| Sublocalización o colección | R.32942 |
| Estatus retirado | Estado de pérdida | Estado de daño | No para préstamo | Biblioteca de origen | Biblioteca actual | Ubicación en estantería | Fecha de adquisición | Fuente de adquisición | Total de préstamos | Signatura topográfica completa | Código de barras | Visto por última vez | Precio de reemplazo | Tipo de ítem Koha |
|---|---|---|---|---|---|---|---|---|---|---|---|---|---|---|
| Biblioteca del Ateneo de Madrid | Biblioteca del Ateneo de Madrid | Sala Valle Inclán | 17/01/2008 | D-8469 | 901121097 | 23/02/2023 | 23/02/2023 | Libro impreso |
